Reconnaissance survey of the geology and ore deposits of the southwestern portion of Lemhi Range, Idaho. (Record no. 28317)

MARC details
000 -LEADER
fixed length control field 00853cam a22002531 4500
001 - CONTROL NUMBER
control field gs 48000391
003 - CONTROL NUMBER IDENTIFIER
control field DLC
005 - DATE AND TIME OF LATEST TRANSACTION
control field 20260227111354.0
008 - FIXED-LENGTH DATA ELEMENTS--GENERAL INFORMATION
fixed length control field 810709s1948 idu 000 0 eng c
010 ## - LIBRARY OF CONGRESS CONTROL NUMBER
LC control number gs 48000391
035 ## - SYSTEM CONTROL NUMBER
System control number (OCoLC)7567427
040 ## - CATALOGING SOURCE
Original cataloging agency U. S. Geol. Survey. Libr.
Transcribing agency GStG
Modifying agency GStG
-- DLC
042 ## - AUTHENTICATION CODE
Authentication code premarc
050 00 - LIBRARY OF CONGRESS CALL NUMBER
Classification number TN24.I2
Item number A43 no. 80
100 1# - MAIN ENTRY--PERSONAL NAME
Personal name Anderson, Roy A.
245 10 - TITLE STATEMENT
Title Reconnaissance survey of the geology and ore deposits of the southwestern portion of Lemhi Range, Idaho.
260 ## - PUBLICATION, DISTRIBUTION, ETC.
Place of publication, distribution, etc. Moscow,
Name of publisher, distributor, etc. University of Idaho,
Date of publication, distribution, etc. 1948.
300 ## - PHYSICAL DESCRIPTION
Extent 18 p.
Other physical details illus., fold. map.
Dimensions 28 cm.
410 20 - SERIES STATEMENT/ADDED ENTRY--CORPORATE NAME [OBSOLETE, CAN/MARC], [LOCAL, USA]
Corporate name or jurisdiction name as entry element Idaho Bureau of Mines and Geology.
Title of a work Pamphlet,
Volume number/sequential designation no. 80
500 ## - GENERAL NOTE
General note Cover title.
504 ## - BIBLIOGRAPHY, ETC. NOTE
Bibliography, etc. note Bibliographical footnotes.
650 #0 - SUBJECT ADDED ENTRY--TOPICAL TERM
Topical term or geographic name entry element Geology
Geographic subdivision Idaho
-- Butte County.
650 #0 - SUBJECT ADDED ENTRY--TOPICAL TERM
Topical term or geographic name entry element Ore deposits
Geographic subdivision Idaho
-- Butte County.

No items available.

Powered by Koha